| 000 | 00970nam a2200289 i 4500 | ||
|---|---|---|---|
| 003 | EG-ScBUE | ||
| 005 | 20230911115359.0 | ||
| 008 | 170711b2015 ua f b f000 0 ara d | ||
| 017 | _a2015 / 14387 | ||
| 020 | _a978977718115 | ||
| 040 |
_aEG-ScBUE _bara _erda _cEG-ScBUE _dEG-ScBUE |
||
| 082 | 0 | 4 |
_222 _a901 _bش ل ق |
| 100 | 1 |
_aشلق، أحمد زكريا، _eمؤلف. |
|
| 245 | 1 | 0 |
_aما التاريخ .. وكيف نفسره ؟ / _cأحمد زكريا الشلق. |
| 264 | 1 |
_aالقاهرة : _bالمجلس الأعلى للثقافة، _c2015. |
|
| 300 |
_a179 صفحة ؛ _c24 سم |
||
| 336 |
_2rdacontent _aنص _btxt |
||
| 337 |
_2rdamedia _aبدون وسيط _bn |
||
| 338 |
_2rdacarrier _aمجلد _bnc |
||
| 504 | _aيشتمل على إرجاعات ببليوجرافية. | ||
| 590 | _aسارة | ||
| 650 | 7 |
_2BUEsh _aالتاريخ _xفلسفة. _916316 |
|
| 651 | _2BUEsh | ||
| 653 |
_bGGEN _cJuly2017 |
||
| 655 | _vReading book | ||
| 942 | _2ddc | ||
| 999 |
_c25025 _d24997 |
||